मध्यकालीन हिन्दी काव्य की तांत्रिक पृष्ठभूमि (Record no. 118085)

MARC details
000 -LEADER
fixed length control field 00978nam a2200253Ia 4500
003 - CONTROL NUMBER IDENTIFIER
control field OSt
005 - DATE AND TIME OF LATEST TRANSACTION
control field 20220918112041.0
008 - FIXED-LENGTH DATA ELEMENTS--GENERAL INFORMATION
fixed length control field 220915b |||||||| |||| 00| 0 hin d
037 ## - SOURCE OF ACQUISITION
Terms of availability Textbook
040 ## - CATALOGING SOURCE
Language of cataloging hin
Original cataloging agency ARTS
Transcribing agency ARTS
041 ## - LANGUAGE CODE
Language code of text/sound track or separate title hin
100 ## - MAIN ENTRY--PERSONAL NAME
Personal name उपाध्याय, विश्वम्भरनाथ
245 #0 - TITLE STATEMENT
Title मध्यकालीन हिन्दी काव्य की तांत्रिक पृष्ठभूमि
246 ## - VARYING FORM OF TITLE
Title proper/short title Madhyakālīn hindī kāvya kī tāantrik pṛuṣhṭhabhūmi
260 ## - PUBLICATION, DISTRIBUTION, ETC.
Place of publication, distribution, etc. इलाहाबाद
Name of publisher, distributor, etc. साहित्य भवन भारत
Date of publication, distribution, etc. 1963
300 ## - PHYSICAL DESCRIPTION
Extent 344 पृ0
Dimensions cm.
650 ## - SUBJECT ADDED ENTRY--TOPICAL TERM
Topical term or geographic name entry element हिन्दी साहित्य
942 ## - ADDED ENTRY ELEMENTS (KOHA)
Classification part O152,1J:g(/\:8), K3
Koha item type Textbook
Source of classification or shelving scheme Colon Classification (CC)

No items available.

Copyright @ Delhi University Library System